[Event "Tournoi francophone 001 Groupe A"]
[Site "Skype"]
[Date "????.??.??"]
[Round "1.1"]
[White "Brun, Jacques"]
[Black "Plourde, Alain"]
[Result "1/2-1/2"]
[WhiteElo "1804"]
[BlackElo "1886"]
[PlyCount "131"]

1. e4 e6 2. d4 d5 3. Nc3 Nf6 4. Bg5 Be7 5. e5 Nfd7 6. Bxe7 Qxe7 7. f4 Qb4 8.
Rb1 c5 9. a3 Qxd4 10. Qxd4 cxd4 11. Nb5 Na6 12. Nd6+ Ke7 13. Nf3 Nc7 14. Nxd4
a6 15. Be2 Ne8 16. Nxe8 Rxe8 17. O-O Nc5 18. Bf3 Bd7 19. Rfe1 Rac8 20. f5 g6
21. f6+ Kf8 22. Re3 b5 23. b3 Nb7 24. b4 Rc4 25. Rd3 Rec8 26. Be2 Nd8 27. Rh3
Rxd4 28. Rxh7 Kg8 29. Rg7+ Kh8 30. Bd3 Rh4 31. Bxg6 fxg6 32. Rxd7 Rh7 33. Rd6
Rhc7 34. Rf1 Kg8 35. Rxa6 Rxc2 36. Rb6 Ra2 37. Rxb5 Rxa3 38. Rb6 Re3 39. Rd6
Rxe5 40. g4 Nf7 41. Rb6 Re2 42. Rb7 e5 43. g5 d4 44. Rd7 Rd8 45. Rxd8+ Nxd8 46.
Rb1 d3 47. h4 e4 48. b5 Nb7 49. b6 d2 50. Kf1 Rh2 51. Kg1 Rxh4 52. Kf2 Rg4 53.
Ke2 Rxg5 54. Kxd2 Kf7 55. Ke3 Rg4 56. Rc1 Kxf6 57. Rc7 Na5 58. b7 Nxb7 59. Rxb7
g5 60. Rb4 Rg3+ 61. Kf2 Rf3+ 62. Kg2 Kf5 63. Rb8 Kg4 64. Re8 e3 65. Re4+ Rf4
66. Rxe3 1/2-1/2

[Event "Tournoi francophone 001 Groupe A"]
[Site "Skype"]
[Date "????.??.??"]
[Round "1.2"]
[White "Jacquelin, Norbert"]
[Black "Hervais, Adrien"]
[Result "0-1"]
[WhiteElo "1924"]
[BlackElo "1999"]
[PlyCount "66"]

1. e4 e5 2. Nf3 d6 3. d4 exd4 4. Qxd4 Nd7 5. Nc3 Ngf6 6. Be2 Be7 7. O-O O-O 8.
Bg5 h6 9. Bh4 Re8 10. Rad1 c5 11. Qd3 a6 12. Bxf6 Nxf6 13. e5 dxe5 14. Qxd8
Bxd8 15. Nxe5 Ba5 16. Nc4 Bxc3 17. Nb6 Rb8 18. bxc3 Rxe2 19. Rd8+ Re8 20. Rfd1
Bg4 21. Rxe8+ Rxe8 22. f3 Be6 23. a3 Bf5 24. Rd2 Re1+ 25. Kf2 Rc1 26. Ke3 Rxc2
27. Rxc2 Bxc2 28. c4 Kf8 29. Kd2 Bf5 30. Ke3 Ke7 31. g4 Bc2 32. Kd2 Bb3 33. Kc3
Bd1 0-1

[Event "Tournoi francophone 001 Groupe A"]
[Site "Skype"]
[Date "????.??.??"]
[Round "1.3"]
[White "Sojka, Bernard"]
[Black "Hilton, Stephen"]
[Result "1-0"]
[WhiteElo "1968"]
[BlackElo "1984"]
[PlyCount "35"]

1. e4 Nf6 2. e5 Nd5 3. c4 Nb6 4. d4 d6 5. f4 dxe5 6. c5 Nd5 7. fxe5 Bf5 8. Bc4
c6 9. Ne2 e6 10. O-O Be7 11. Qb3 Qc7 12. Nbc3 Nxc3 13. Qxc3 Nd7 14. Qg3 Bg6 15.
Nf4 O-O-O 16. Nxg6 hxg6 17. Rxf7 Nxc5 18. Be3 1-0

[Event "Tournoi francophone 001 Groupe A"]
[Site "Skype"]
[Date "????.??.??"]
[Round "1.4"]
[White "Lambert, Pierre"]
[Black "Janssen, Gerard"]
[Result "1-0"]
[WhiteElo "1830"]
[BlackElo "1761"]
[PlyCount "53"]

1. e4 c5 2. Nf3 Nc6 3. Bb5 Nd4 4. Nxd4 cxd4 5. O-O e5 6. d3 Nf6 7. Nd2 Be7 8.
Nf3 a6 9. Ba4 b5 10. Bb3 d6 11. c3 dxc3 12. bxc3 O-O 13. h3 Bb7 14. Bb2 Rc8 15.
a4 Qb6 16. axb5 axb5 17. Qd2 h6 18. Rfe1 Kh7 19. Qe3 Qxe3 20. Rxe3 Ra8 21. Rxa8
Bxa8 22. Re1 Nd7 23. Ra1 Nc5 24. Bc2 f5 25. exf5 Bxf3 26. gxf3 Rxf5 27. d4 1-0

[Event "Tournoi francophone 001 Groupe A"]
[Site "Skype"]
[Date "????.??.??"]
[Round "1.5"]
[White "Ayotte, Jocelyn"]
[Black "Deville, Olivier"]
[Result "1-0"]
[WhiteElo "2107"]
[BlackElo "1945"]
[PlyCount "79"]

1. d4 Nf6 2. Nf3 e6 3. g3 c5 4. Bg2 cxd4 5. O-O Nc6 6. Nxd4 Bc5 7. Nb3 Be7 8.
c4 b6 9. Nc3 Bb7 10. Bf4 a6 11. e4 d6 12. Qe2 Qc7 13. Rac1 Ne5 14. Nd2 O-O 15.
h3 Nfd7 16. Rfd1 Nc5 17. Nf1 Rac8 18. b3 Rfd8 19. Be3 Qb8 20. f4 Nc6 21. Nh2
Na7 22. Ng4 Ba8 23. f5 b5 24. Qf2 b4 25. Ne2 Bxe4 26. Bxc5 Bxg2 27. Bxa7 Qb7
28. Qxg2 Qxa7+ 29. Qf2 Qxf2+ 30. Kxf2 exf5 31. Ne3 Bg5 32. Nxf5 g6 33. Ne3 Re8
34. Nf4 Bxf4 35. gxf4 Re4 36. Nd5 Kg7 37. Re1 Rce8 38. Rxe4 Rxe4 39. Re1 Rd4
40. Ke3 1-0

[Event "Tournoi francophone 001 Groupe A"]
[Site "Skype"]
[Date "????.??.??"]
[Round "2.1"]
[White "Plourde, Alain"]
[Black "Deville, Olivier"]
[Result "0-1"]
[WhiteElo "1886"]
[BlackElo "1945"]
[PlyCount "72"]

1. d4 Nf6 2. c4 e6 3. Nf3 b6 4. g3 Ba6 5. b3 Bb4+ 6. Bd2 Be7 7. Bg2 Bb7 8. O-O
c5 9. Bc3 cxd4 10. Bxd4 Nc6 11. Ne5 Qc7 12. Nxc6 Bxc6 13. Bxc6 Qxc6 14. Nc3 O-O
15. Qd3 d5 16. Qf3 Rac8 17. Nb5 Qd7 18. Rac1 dxc4 19. bxc4 a6 20. Bxf6 Bxf6 21.
Rfd1 Qc6 22. Qxc6 Rxc6 23. Nd4 Bxd4 24. Rxd4 Rfc8 25. a4 Kf8 26. f4 b5 27. axb5
axb5 28. c5 Rxc5 29. Rxc5 Rxc5 30. Rd8+ Ke7 31. Rb8 Kd6 32. Kf2 Kc7 33. Rf8 b4
34. Rxf7+ Kc6 35. Ke1 b3 36. Rf8 b2 0-1

[Event "Tournoi francophone 001 Groupe A"]
[Site "Skype"]
[Date "????.??.??"]
[Round "2.2"]
[White "Janssen, Gerard"]
[Black "Ayotte, Jocelyn"]
[Result "0-1"]
[WhiteElo "1761"]
[BlackElo "2107"]
[PlyCount "78"]

1. d4 d5 2. c4 e6 3. Nc3 Nf6 4. Nf3 Be7 5. e3 O-O 6. Qc2 Nbd7 7. c5 c6 8. b4
Qc7 9. a4 e5 10. dxe5 Nxe5 11. Nd4 a5 12. Ba3 axb4 13. Bxb4 Re8 14. Be2 Bf8 15.
h3 Bd7 16. O-O Qc8 17. Kh2 b6 18. Na2 Ne4 19. Nb3 Bf5 20. g4 Bg6 21. f4 bxc5
22. Nxc5 Nxc5 23. f5 Ne4 24. Bxf8 Rxf8 25. fxg6 Nxg6 26. Bd1 Qc7+ 27. Kg1 Qg3+
28. Qg2 Qxe3+ 29. Kh2 Nh4 30. Qg1 Qd2+ 31. Kh1 Rab8 32. Qh2 Rb2 33. Qxd2 Rxd2
34. Rf3 Rb8 35. Nc3 Nxf3 36. Bxf3 Nxc3 37. a5 Rb1+ 38. Rxb1 Nxb1 39. a6 Ra2 0-1

[Event "Tournoi francophone 001 Groupe A"]
[Site "Skype"]
[Date "????.??.??"]
[Round "2.3"]
[White "Hilton, Stephen"]
[Black "Lambert, Pierre"]
[Result "0-1"]
[WhiteElo "1984"]
[BlackElo "1830"]
[PlyCount "38"]

1. d4 Nf6 2. c4 g6 3. Nc3 Bg7 4. e4 d6 5. Be2 O-O 6. Bg5 Nbd7 7. Qd2 c5 8. d5
a6 9. a4 Re8 10. Nf3 Nf8 11. O-O Bg4 12. h3 Bxf3 13. Bxf3 N8d7 14. Be2 Qa5 15.
Rfd1 e6 16. Be3 exd5 17. exd5 Qc7 18. Re1 Ne4 19. Kh2 Nxd2 0-1

[Event "Tournoi francophone 001 Groupe A"]
[Site "Skype"]
[Date "????.??.??"]
[Round "2.4"]
[White "Hervais, Adrien"]
[Black "Sojka, Bernard"]
[Result "0-1"]
[WhiteElo "1999"]
[BlackElo "1968"]
[PlyCount "56"]

1. e4 e5 2. Nc3 Nf6 3. f4 Nc6 4. fxe5 Nxe5 5. d4 Nc6 6. e5 Ng8 7. Nf3 d5 8. Be2
h6 9. Be3 Be6 10. Qd3 Nge7 11. Nh4 g5 12. Nf3 Nf5 13. Bf2 g4 14. Nd2 Nb4 15.
Qb5+ Bd7 16. Qxb7 Rb8 17. Qxa7 Nxc2+ 18. Kd1 Nxa1 19. Nxd5 Be7 20. Kc1 O-O 21.
Kb1 Be6 22. Nxe7+ Qxe7 23. Qc5 Qxc5 24. dxc5 Rfd8 25. Ne4 Nd4 26. Nf6+ Kg7 27.
Bxg4 Nac2 28. Bxe6 Na3+ 0-1

[Event "Tournoi francophone 001 Groupe A"]
[Site "Skype"]
[Date "????.??.??"]
[Round "2.5"]
[White "Brun, Jacques"]
[Black "Jacquelin, Norbert"]
[Result "1-0"]
[WhiteElo "1804"]
[BlackElo "1924"]
[PlyCount "69"]

1. e4 Nf6 2. e5 Nd5 3. c4 Nb6 4. c5 Nd5 5. Nc3 e6 6. d4 b6 7. Nxd5 exd5 8. cxb6
axb6 9. Nf3 Ba6 10. Qa4 Bxf1 11. Qxa8 Bxg2 12. Rg1 Bxf3 13. a3 h6 14. Rg3 Be4
15. f3 Bg6 16. Qxd5 Be7 17. Ke2 c6 18. Qb3 Bh4 19. Rg2 O-O 20. Rxg6 Kh7 21. Rg2
f5 22. f4 Na6 23. Be3 Qa8 24. Rag1 g5 25. fxg5 h5 26. Qd3 Nc7 27. Rf1 Kg6 28.
Bf4 c5 29. Rfg1 Nd5 30. Qf3 Qa6+ 31. Kd1 Qc4 32. Rd2 cxd4 33. Qf1 d3 34. Rxd3
Nxf4 35. Rd6+ 1-0

[Event "Tournoi francophone 001 Groupe A"]
[Site "Skype"]
[Date "????.??.??"]
[Round "3.1"]
[White "Jacquelin, Norbert"]
[Black "Plourde, Alain"]
[Result "0-1"]
[WhiteElo "1924"]
[BlackElo "1886"]
[PlyCount "66"]

1. b3 d5 2. Bb2 Nf6 3. e3 Nbd7 4. Nf3 g6 5. Be2 Bg7 6. d3 O-O 7. h4 Nh5 8. d4
c5 9. Ne5 cxd4 10. Nxd7 Bxd7 11. Bxh5 gxh5 12. Qxh5 Qa5+ 13. Nd2 dxe3 14. O-O-O
exd2+ 15. Kb1 Bxb2 16. Kxb2 Rac8 17. Qg5+ Kh8 18. Rxd2 Qc3+ 19. Kb1 Be6 20. Rc1
Qf6 21. Qe3 b6 22. Rd4 Rg8 23. g3 Rg4 24. f4 Rxg3 25. Qxg3 Qxd4 26. Rg1 Qc3 27.
Qf2 Bf5 28. Rg2 Qxc2+ 29. Qxc2 Rxc2 30. Rxc2 Bxc2+ 31. Kxc2 Kg7 32. Kd3 Kg6 33.
Kd4 e6 0-1

[Event "Tournoi francophone 001 Groupe A"]
[Site "Skype"]
[Date "????.??.??"]
[Round "3.2"]
[White "Sojka, Bernard"]
[Black "Brun, Jacques"]
[Result "1-0"]
[WhiteElo "1968"]
[BlackElo "1804"]
[PlyCount "51"]

1. Nf3 c5 2. c4 Nc6 3. Nc3 g6 4. g3 Bg7 5. Bg2 d6 6. d3 Nf6 7. Bd2 O-O 8. Qc1
Rb8 9. O-O Re8 10. Bh6 Bh8 11. Rb1 Ng4 12. Bd2 Nge5 13. Ng5 Nd7 14. a3 Nd4 15.
b4 cxb4 16. axb4 b6 17. e3 Ne6 18. Nxe6 fxe6 19. Nb5 a6 20. Nd4 Bxd4 21. exd4
e5 22. c5 exd4 23. c6 Qc7 24. cxd7 Qxd7 25. Qc4+ e6 26. Bc6 1-0

[Event "Tournoi francophone 001 Groupe A"]
[Site "Skype"]
[Date "????.??.??"]
[Round "3.3"]
[White "Lambert, Pierre"]
[Black "Hervais, Adrien"]
[Result "0-1"]
[WhiteElo "1830"]
[BlackElo "1999"]
[PlyCount "134"]

1. d4 d5 2. c4 c6 3. cxd5 cxd5 4. Nc3 Nf6 5. Nf3 Nc6 6. h3 Bf5 7. a3 e6 8. Bg5
Be7 9. e3 h6 10. Bxf6 Bxf6 11. Bd3 Bxd3 12. Qxd3 Qb6 13. Qb5 O-O 14. Qxb6 axb6
15. O-O Ra7 16. Rac1 Ra5 17. Nd2 Rd8 18. Nb3 Raa8 19. Rc2 Na5 20. Nxa5 Rxa5 21.
Rfc1 Be7 22. Ne2 Bd6 23. Rc8 Ra8 24. Rxd8+ Rxd8 25. Rc3 Ra8 26. Kf1 Kf8 27. Rb3
Bc7 28. Nc3 Ke7 29. Nb5 Bb8 30. Ke2 Kd7 31. Nc3 Kc6 32. Kd3 Ra5 33. Ne2 Bd6 34.
Rc3+ Kd7 35. f3 f5 36. g4 Ra8 37. Rc1 fxg4 38. hxg4 b5 39. Nc3 b4 40. axb4 Bxb4
41. Nb5 Bd6 42. Nxd6 Kxd6 43. Rc2 Ra1 44. Rf2 Rd1+ 45. Ke2 Rb1 46. Kd3 b5 47.
Re2 Rf1 48. f4 Rg1 49. g5 hxg5 50. fxg5 Rxg5 51. Rf2 Rf5 52. Rg2 g5 53. Ke2 Kc6
54. b4 Kd6 55. Rg1 Ke7 56. Rg4 Kf6 57. Rg3 Kg6 58. Rg1 Rf7 59. Rg2 Rh7 60. Kd3
Rc7 61. Rb2 g4 62. e4 Rc4 63. exd5 exd5 64. Rg2 Kg5 65. Re2 g3 66. Re5+ Kf4 67.
Rxd5 g2 0-1

[Event "Tournoi francophone 001 Groupe A"]
[Site "Skype"]
[Date "????.??.??"]
[Round "3.5"]
[White "Deville, Olivier"]
[Black "Janssen, Gerard"]
[Result "1-0"]
[WhiteElo "1945"]
[BlackElo "1761"]
[PlyCount "29"]

1. c4 Nc6 2. d4 e6 3. Nf3 d5 4. e3 Nf6 5. a3 a5 6. Bd3 Be7 7. O-O O-O 8. Nc3 h6
9. Qe2 b6 10. Rd1 Ba6 11. b3 Bd6 12. e4 dxc4 13. bxc4 Nd7 14. e5 Be7 15. Qe4
1-0

[Event "Tournoi francophone 001 Groupe A"]
[Site "Skype"]
[Date "????.??.??"]
[Round "4.1"]
[White "Plourde, Alain"]
[Black "Janssen, Gerard"]
[Result "1-0"]
[WhiteElo "1886"]
[BlackElo "1761"]
[PlyCount "101"]

1. d4 d5 2. c4 e6 3. Nc3 Nf6 4. Bg5 c5 5. cxd5 cxd4 6. Qxd4 Be7 7. Nf3 O-O 8.
dxe6 Bxe6 9. Qxd8 Rxd8 10. e4 h6 11. Bf4 a6 12. Be2 Nc6 13. a3 Nh5 14. Be3 f5
15. exf5 Bxf5 16. O-O Nf6 17. Rad1 Kh7 18. Nd4 Nxd4 19. Rxd4 Re8 20. Bf3 Bc8
21. Rfd1 Bc5 22. Rd8 Bxe3 23. Rxe8 Bxf2+ 24. Kxf2 Nxe8 25. Rd8 Nc7 26. Be4+ g6
27. Bxb7 Bxb7 28. Rd7+ Kg8 29. Rxc7 Rf8+ 30. Kg3 Bc8 31. Nd5 Bf5 32. Ne7+ Kh8
33. Nxf5 Rxf5 34. Rc6 a5 35. Rxg6 Kh7 36. Rc6 Rb5 37. Rc2 a4 38. Kf4 Kg6 39.
Ke4 Kg5 40. Kd4 Kg4 41. Kc4 Rb3 42. Kd5 h5 43. Ke5 h4 44. h3+ Kg3 45. Rc3+ Kxg2
46. Rxb3 axb3 47. a4 Kxh3 48. a5 Kg3 49. a6 h3 50. a7 h2 51. a8=Q 1-0

[Event "Tournoi francophone 001 Groupe A"]
[Site "Skype"]
[Date "????.??.??"]
[Round "4.3"]
[White "Hervais, Adrien"]
[Black "Ayotte, Jocelyn"]
[Result "1-0"]
[WhiteElo "1999"]
[BlackElo "2107"]
[PlyCount "45"]

1. e4 e5 2. Nc3 Nc6 3. f4 Bc5 4. Nf3 d6 5. Bc4 Be6 6. Bxe6 fxe6 7. fxe5 dxe5 8.
d3 Nf6 9. Na4 Qd6 10. Ng5 Ke7 11. Nxc5 Qxc5 12. c3 Rad8 13. Qb3 Rd6 14. Ke2 h6
15. Nf3 Rxd3 16. Kxd3 Qf2 17. Bd2 Qxg2 18. Rhf1 Rd8+ 19. Kc2 Nxe4 20. Rad1 Nxd2
21. Nxd2 e4 22. Qc4 Rd6 23. Rfe1 1-0

[Event "Tournoi francophone 001 Groupe A"]
[Site "Skype"]
[Date "????.??.??"]
[Round "4.4"]
[White "Brun, Jacques"]
[Black "Lambert, Pierre"]
[Result "0-1"]
[WhiteElo "1804"]
[BlackElo "1830"]
[PlyCount "79"]

1. e4 c5 2. Nf3 d6 3. d4 cxd4 4. Qxd4 Nc6 5. Bb5 Bd7 6. Bxc6 Bxc6 7. Nc3 Nf6 8.
Bg5 e5 9. Qd3 Be7 10. O-O-O Qc7 11. Rhe1 Rd8 12. h3 O-O 13. g4 h6 14. Bh4 Nh7
15. Bg3 Rc8 16. h4 a6 17. Qe3 Nf6 18. g5 Ng4 19. Qe2 b5 20. gxh6 Nxh6 21. Nd5
Bxd5 22. Rxd5 Qc6 23. Rd3 Qc4 24. Kb1 f5 25. Rc3 Qxe2 26. Rxe2 Rxc3 27. bxc3
fxe4 28. Nd2 Nf5 29. Nxe4 Kf7 30. Rd2 Ke6 31. Ng5+ Bxg5 32. hxg5 Nxg3 33. fxg3
Rf5 34. Re2 Rxg5 35. Re3 Rf5 36. Kb2 g5 37. g4 Rf4 38. Rg3 e4 39. Kc1 Rf3 40.
Rg2 0-1

[Event "Tournoi francophone 001 Groupe A"]
[Site "Skype"]
[Date "????.??.??"]
[Round "5.1"]
[White "Sojka, Bernard"]
[Black "Plourde, Alain"]
[Result "1-0"]
[WhiteElo "1968"]
[BlackElo "1886"]
[PlyCount "61"]

1. e4 e6 2. c4 c5 3. Nf3 Nc6 4. Nc3 Be7 5. d4 d6 6. d5 exd5 7. cxd5 Ne5 8. Nxe5
dxe5 9. f4 Bd6 10. Bb5+ Bd7 11. Qg4 g6 12. Bxd7+ Qxd7 13. Qxd7+ Kxd7 14. O-O
Ne7 15. fxe5 Bxe5 16. Be3 Bxc3 17. bxc3 f5 18. Bxc5 Rhc8 19. Bxe7 Kxe7 20. exf5
Rxc3 21. Rae1+ Kd6 22. Re6+ Kxd5 23. Rd1+ Kc5 24. f6 Rf8 25. Rd7 Rc1+ 26. Kf2
Rc2+ 27. Kg3 Rxa2 28. f7 b5 29. Re8 Rxf7 30. Rxf7 a5 31. Re5+ 1-0

[Event "Tournoi francophone 001 Groupe A"]
[Site "Skype"]
[Date "????.??.??"]
[Round "5.3"]
[White "Ayotte, Jocelyn"]
[Black "Brun, Jacques"]
[Result "1-0"]
[WhiteElo "2107"]
[BlackElo "1804"]
[PlyCount "47"]

1. d4 g6 2. Nf3 Bg7 3. c4 c5 4. Nc3 Nc6 5. d5 Ne5 6. e4 d6 7. Be2 a6 8. O-O
Nxf3+ 9. Bxf3 Nf6 10. Bf4 O-O 11. e5 Ne8 12. Re1 Rb8 13. a4 Nc7 14. Qe2 f5 15.
exd6 exd6 16. Qe7 Qxe7 17. Rxe7 Ne8 18. Rae1 Be5 19. R1xe5 dxe5 20. Bxe5 Ra8
21. d6 Nf6 22. Nd5 Ne8 23. Nb6 Rb8 24. Bd5+ 1-0

[Event "Tournoi francophone 001 Groupe A"]
[Site "Skype"]
[Date "????.??.??"]
[Round "5.4"]
[White "Deville, Olivier"]
[Black "Hervais, Adrien"]
[Result "0-1"]
[WhiteElo "1945"]
[BlackElo "1999"]
[PlyCount "46"]

1. c4 d5 2. Nf3 e6 3. g3 Nf6 4. Bg2 d4 5. O-O Be7 6. d3 O-O 7. e3 Nc6 8. exd4
Nxd4 9. Nxd4 Qxd4 10. Qb3 Rd8 11. Rd1 Ng4 12. Qc2 Bc5 13. Rd2 Ne3 14. Qc3 Nxg2
15. Qxd4 Rxd4 16. Kxg2 b6 17. Nc3 Bb7+ 18. Kf1 Bf3 19. Nb5 Rd7 20. d4 Be7 21.
d5 exd5 22. cxd5 Bxd5 23. Nxc7 Bc4+ 0-1

[Event "Tournoi francophone 001 Groupe A"]
[Site "Skype"]
[Date "????.??.??"]
[Round "6.2"]
[White "Hervais, Adrien"]
[Black "Janssen, Gerard"]
[Result "1/2-1/2"]
[WhiteElo "1999"]
[BlackElo "1761"]
[PlyCount "78"]

1. e4 c5 2. Nf3 Nc6 3. Bb5 Nd4 4. Nxd4 cxd4 5. d3 e5 6. f4 Bd6 7. Bc4 Nf6 8.
Nd2 exf4 9. O-O Be5 10. Nf3 d6 11. Ng5 O-O 12. Bxf4 h6 13. Bxe5 dxe5 14. Nf3
Qc7 15. Qe1 a6 16. Kh1 b5 17. Bb3 Be6 18. Bxe6 fxe6 19. Rc1 Nh5 20. Qh4 Nf4 21.
Qf2 Qd6 22. Qd2 b4 23. Rf2 a5 24. Rcf1 Kh7 25. Nxe5 Qxe5 26. Rxf4 Rxf4 27. Rxf4
Qg5 28. Qf2 Rc8 29. h4 Qh5 30. g4 Qc5 31. Rf3 Qxc2 32. Qxd4 Qd1+ 33. Kg2 Rc2+
34. Kg3 Qe1+ 35. Rf2 Qg1+ 36. Kf3 Qh1+ 37. Kf4 Qc1+ 38. Kf3 Qd1+ 39. Kf4 Qc1+
1/2-1/2

[Event "Tournoi francophone 001 Groupe A"]
[Site "Skype"]
[Date "????.??.??"]
[Round "6.3"]
[White "Brun, Jacques"]
[Black "Deville, Olivier"]
[Result "0-1"]
[WhiteElo "1804"]
[BlackElo "1945"]
[PlyCount "48"]

1. e4 c5 2. Nf3 d6 3. d4 cxd4 4. Qxd4 a6 5. c4 Nc6 6. Qd1 Nf6 7. Nc3 e6 8. Bg5
Be7 9. Rc1 O-O 10. Bd3 b6 11. O-O Bb7 12. Re1 Rc8 13. Bb1 h6 14. Bh4 Nd7 15.
Bxe7 Qxe7 16. a3 Nde5 17. Na2 Na5 18. b3 Nxf3+ 19. Qxf3 f5 20. Qe3 Qc7 21. exf5
exf5 22. Qe6+ Kh8 23. Bxf5 Qc5 24. Bd3 Qxf2+ 0-1

[Event "Tournoi francophone 001 Groupe A"]
[Site "Skype"]
[Date "????.??.??"]
[Round "6.5"]
[White "Sojka, Bernard"]
[Black "Lambert, Pierre"]
[Result "1/2-1/2"]
[WhiteElo "1968"]
[BlackElo "1830"]
[PlyCount "23"]

1. e4 c5 2. d4 cxd4 3. c3 dxc3 4. Nxc3 d6 5. Nf3 Nf6 6. Bc4 e6 7. e5 Ng4 8. Bf4
Qb6 9. O-O dxe5 10. Nxe5 Nxe5 11. Bxe5 Nc6 12. Qe2 1/2-1/2

[Event "Tournoi francophone 001 Groupe A"]
[Site "Skype"]
[Date "????.??.??"]
[Round "7.1"]
[White "Lambert, Pierre"]
[Black "Plourde, Alain"]
[Result "1-0"]
[WhiteElo "1830"]
[BlackElo "1886"]
[PlyCount "81"]

1. e4 e6 2. d4 d5 3. e5 c5 4. c3 Nc6 5. Nf3 Qb6 6. a3 a5 7. Bd3 cxd4 8. cxd4
Bd7 9. Bc2 Nh6 10. Nc3 Nf5 11. Bxf5 exf5 12. Nxd5 Qd8 13. Bg5 Be7 14. Nxe7 Nxe7
15. O-O h6 16. Bxe7 Qxe7 17. Re1 O-O 18. Rc1 Rfc8 19. Qd2 b6 20. d5 Rxc1 21.
Rxc1 Rc8 22. Rxc8+ Bxc8 23. Qc3 Qd7 24. Qc6 Qxc6 25. dxc6 Kf8 26. b4 Ba6 27.
Nd4 axb4 28. axb4 g6 29. b5 Bc8 30. Kf1 Ke7 31. Ke2 Kd8 32. Kd3 Kc7 33. Ne2 Be6
34. Kd4 Bb3 35. Nc3 Kc8 36. Nd5 Bc2 37. Nxb6+ Kd8 38. Kc5 Kc7 39. Nd5+ Kc8 40.
Kd6 Be4 41. Ne7+ 1-0

[Event "Tournoi francophone 001 Groupe A"]
[Site "Skype"]
[Date "????.??.??"]
[Round "7.2"]
[White "Ayotte, Jocelyn"]
[Black "Sojka, Bernard"]
[Result "0-1"]
[WhiteElo "2107"]
[BlackElo "1968"]
[PlyCount "46"]

1. d4 Nf6 2. Nf3 c5 3. e3 cxd4 {En fait, j'ai voulu créer un pion isolé. Le pire, c'est que mon adversaire va collaborer...} 4. exd4 g6?! {Ce n'est pas un bon choix mais au final, cette option malheureuse va s'avérer payante.} 5. Bd3 Bg7 6. O-O O-O 7. c4 d5 8. Nc3?! {Je pense qu'il fallait jouer c5. Mais devant la collaboration de l'adversaire à vouloir créer un pion isolé ....} 8... dxc4 9. Bxc4 Nc6 10. h3 a6 11. a4 Qc7 12. Be3 Bf5 13. Rc1 Rad8 14. Qe2 {Suite à une incompréhension, la partie se poursuivit ainsi: 14. Dd2 Ce4 15 g4 Cxd2 mais devant la confusion, la position fut remise en place} 14... e6? {En fait, j'ai enfermé mon fou qui n'a plus de cases. L'adversaire ne s'en rend pas compte puisqu'il ne l'attaque pas} 15. Rfd1 Rfe8 16. Bg5?! {Personnellement, je pense qu'il fallait laisser ce fou sur cases noires. Aussi, quand je le menace, cela me donne la case h7, pour un repli éventuel de mon Roi dans le futur.} 16... h6 17. Bxf6 {Grand étonnement. Je n'aurais jamais joué cela.} 17... Bxf6 18. g4 Nxd4 {Le Fou est cuit; autant passer à l'attaque.} 19. Nxd4 Bxd4 {Le fou f5 est maintenant imprenable à cause de Dg3+. A mon avis, il fallait placer le Roi sur la colonne h pour éviter de perdre des temps en défense.} 20. Kg2? Kh7 {Coup nécessaire pour prendre le contrôle de la colonne g.} 21. gxf5 gxf5 22. Kh1 Qf4 {La Tour ne peut pas prendre le Fou à cause de Dxc1. et la structure de pions blancs laissant à désirer, la qualité d'avance finira par payer. A la place des Blancs, j'aurais peut-être envisagé Tc2, histoire de libérer la Td1. En plus, après f3 il n'y a pas de mat.} 23. Rg1 Be5 {Tg2 n'est pas possible puisque la tour c1 est en l'air. Si f3, alors la tour arrive en d2 et il me semble que le mat en h2 n'est pas parable. Commentaires : Bernard Sojka} 0-1

[Event "Tournoi francophone 001 Groupe A"]
[Site "Skype"]
[Date "????.??.??"]
[Round "7.4"]
[White "Janssen, Gerard"]
[Black "Brun, Jacques"]
[Result "0-1"]
[WhiteElo "1761"]
[BlackElo "1804"]
[PlyCount "70"]

1. d4 g6 2. c4 Bg7 3. Nc3 c5 4. d5 Bxc3+ 5. bxc3 f5 6. Nf3 Qa5 7. Qc2 Nf6 8.
Bh6 Ne4 9. Rc1 d6 10. e3 Nd7 11. Bd3 Ndf6 12. h3 Bd7 13. Ng5 Nxg5 14. Bxg5
O-O-O 15. f3 h6 16. Bh4 Rhe8 17. O-O g5 18. Bf2 g4 19. Bxf5 gxh3 20. Bxd7+ Nxd7
21. gxh3 Rg8+ 22. Kh2 Ne5 23. Qe2 Rg7 24. f4 Nd7 25. Rg1 Rdg8 26. Rxg7 Rxg7 27.
Rc2 Qd8 28. Qh5 Qh8 29. Bh4 Qh7 30. Rb2 Rf7 31. Qg4 Rg7 32. Qe6 b6 33. a4 Kc7
34. a5 Nf8 35. axb6+ axb6 0-1

[Event "Tournoi francophone 001 Groupe A"]
[Site "Skype"]
[Date "????.??.??"]
[Round "8.1"]
[White "Plourde, Alain"]
[Black "Hervais, Adrien"]
[Result "1/2-1/2"]
[WhiteElo "1886"]
[BlackElo "1999"]
[PlyCount "92"]

1. d4 e6 2. c4 d5 3. Nf3 Nf6 4. Nc3 Bb4 5. a3 Bxc3+ 6. bxc3 O-O 7. Bg5 h6 8.
Bxf6 Qxf6 9. e3 a6 10. Bd3 Nd7 11. O-O Re8 12. Qc2 dxc4 13. Bxc4 b5 14. Bd3 Bb7
15. Be4 Bd5 16. Bxd5 exd5 17. a4 Nb6 18. axb5 axb5 19. Ne5 Qd6 20. Qb3 c6 21.
g3 Na4 22. Rfc1 Re7 23. Qb4 Re6 24. Qxd6 Rxd6 25. Kf1 Kf8 26. Ke1 Ke7 27. Kd2
f6 28. Nd3 Rd7 29. Rc2 Rda7 30. Rca2 Ra6 31. Nb4 Rb6 32. Nd3 Rab8 33. Nb4 Kd6
34. Nd3 c5 35. Nxc5 Nxc5 36. dxc5+ Kxc5 37. Ra7 R8b7 38. Rxb7 Rxb7 39. Kd3 Re7
40. f3 f5 41. Ra6 Rb7 42. h4 b4 43. Ra5+ Kc6 44. cxb4 Rxb4 45. Ra6+ Kc5 46.
Ra5+ Kc6 1/2-1/2

[Event "Tournoi francophone 001 Groupe A"]
[Site "Skype"]
[Date "????.??.??"]
[Round "8.4"]
[White "Sojka, Bernard"]
[Black "Deville, Olivier"]
[Result "1-0"]
[WhiteElo "1968"]
[BlackElo "1945"]
[PlyCount "47"]

1. Nf3 c5 2. c4 Nc6 3. Nc3 e5 4. e4 g6 5. Nd5 Bg7 6. d3 Nce7 7. Bg5 f6 8. Be3
Nxd5 9. cxd5 d6 10. b4 b6 11. bxc5 bxc5 12. Be2 Ne7 13. O-O O-O 14. Nd2 f5 15.
Nc4 Ba6 16. Qa4 Bxc4 17. Qxc4 Qa5 18. Rfb1 f4 19. Rb5 Qa3 20. Bc1 Qa6 21. Rxc5
Qxc4 22. Rxc4 Rac8 23. Ba3 Rxc4 24. dxc4 1-0

[Event "Tournoi francophone 001 Groupe A"]
[Site "Skype"]
[Date "????.??.??"]
[Round "8.5"]
[White "Lambert, Pierre"]
[Black "Ayotte, Jocelyn"]
[Result "0-1"]
[WhiteElo "1830"]
[BlackElo "2107"]
[PlyCount "66"]

1. e4 d6 2. d4 g6 3. c4 Bg7 4. Nf3 Nf6 5. Nc3 O-O 6. h3 c5 7. d5 e6 8. Bd3 Re8
9. O-O e5 10. Be3 Nh5 11. Qd2 f5 12. exf5 gxf5 13. Bg5 Bf6 14. Bxf6 Qxf6 15.
Bc2 h6 16. Nb5 Re7 17. Rfe1 Rg7 18. Kh1 e4 19. Nh2 a6 20. Nc3 Qd4 21. Rad1 Qxd2
22. Rxd2 Nd7 23. f3 Ne5 24. fxe4 f4 25. Nf1 Nxc4 26. Rf2 Bd7 27. Bd1 Ng3+ 28.
Kh2 Rf8 29. b3 Ne5 30. Nd2 Nd3 31. Ref1 b5 32. Be2 Nxf1+ 33. Bxf1 Nxf2 0-1